000 02573nam0a2200409 4500
001 RU\NLR\BIBL_A\022768588
005 20260622110816.0
010 _950
021 _aRU
_bКН-П-26-009058
_9КН-П-26-0858
035 _a(NLR Aleph) 022768588
090 _a13733804
_c13733804
100 _a20260327d2025 u y0rusy50 ca
101 0 _arus
102 _aRU
105 _aa|||j|||000yy
181 0 _ai3
_baxxe
182 0 _an
200 1 _aПатофизиология стоматологических проявлений некоторых соматических заболеваний
_eучебное пособие для студентов, обучающихся по специальности 31.05.03 Стоматология
_fБорукаева И. Х., Анаева Ф. М., Абазова З. Х., Шхагумов К. Ю.
_gМинистерство науки и высшего образования Российской Федерации, Федеральное государственное бюджетное образовательное учреждение высшего образования "Кабардино-Балкарский государственный университет им. Х. М. Бербекова"
203 _aТекст
_bвизуальный
_cнепосредственный
210 _aНальчик
_cКБГУ
_d2025
215 _a59 с.
_cил.
_d21
300 _aНа обл. подзаг.: учебное пособие
300 _aАвт. указаны на обороте тит. с.
320 _aБиблиогр.: с. 59 (6 назв.)
606 1 _aПолость рта
_xИзменения при внутренних болезнях
_jУчебные издания для высших учебных заведений
_2nlr_sh2
_3RU\NLR\AUTH\661573407
686 1 _aР661.2-37я73
686 1 _aР41-266я73
701 1 _aБорукаева
_bИ. Х.
_gИрина Хасанбиевна
_3RU\NLR\AUTH\770239653
701 1 _aАнаева
_bФ. М.
_gФатимат Магомедовна
701 1 _aАбазова
_bЗ. Х.
_gЗалина Хасановна
701 1 _aШхагумов
_bК. Ю.
_gКазбек Юрьевич
712 0 2 _aКабардино-Балкарский государственный университет им. Х. М. Бербекова
_cНальчик
_3RU\NLR\AUTH\889924422
_4475
942 _cBOOK
980 _aNB